Rapport d'information : Déposé en application de l'article 145 du règlement par la mission d'information commune de la commission des affraires culturelles, familiales et sociales et de la commission des finances, de l'économie générale et du plan : No 2348 /

সংরক্ষণ করুন:
গ্রন্থ-পঞ্জীর বিবরন
সংস্থা লেখক: Assemblée nationale.
বিন্যাস: Sách giấy
ভাষা:Vietnamese
প্রকাশিত: Paris : Assemblée nationale, 1995.
ট্যাগগুলো: ট্যাগ যুক্ত করুন
কোনো ট্যাগ নেই, প্রথমজন হিসাবে ট্যাগ করুন!
Thư viện lưu trữ: Thư viện Trường Đại học Đà Lạt
LEADER 00876nam a2200277 4500
001 DLU140166440
005 ##20141223
040 # # |a DLU  |b vie 
041 # # |a vie 
044 # # |a vn 
082 # # |a 328.44  |b ASS 
110 # # |a Assemblée nationale. 
245 # # |a Rapport d'information :  |b Déposé en application de l'article 145 du règlement par la mission d'information commune de la commission des affraires culturelles, familiales et sociales et de la commission des finances, de l'économie générale et du plan : No 2348 /  |c Assemblée nationale. 
260 # # |a Paris :  |b Assemblée nationale,  |c 1995. 
300 # # |a 655 tr. ;  |c 25 cm. 
923 # # |a 06/2014 
991 # # |a SH 
992 # # |a 26200 
994 # # |a DLU 
900 # # |a True 
911 # # |a Đào Thị Thu Huyền 
925 # # |a G 
926 # # |a A 
927 # # |a SH 
980 # # |a Thư viện Trường Đại học Đà Lạt